000 00696cam a22002413a 4500
001 32089
003 PGUSA
005 20140828083708.0
008 100422s2010||||xxu|||||s|||||000 | eng d
040 _aPGUSA
_beng
042 _adc
050 4 _aE151
100 1 _aMayer, Brantz,
_d1809-1879
245 1 0 _aMemoir of Jared Sparks, LL.D.
_h[electronic resource] /
_cBrantz Mayer
260 _bProject Gutenberg,
_c2010
506 _aPublic domain in the USA.
516 _aElectronic text
653 _aSparks, Jared, 1789-1866
653 _aHistorians -- United States -- Biography
830 0 _aProject Gutenberg
_v32089
856 4 0 _uhttp://www.gutenberg.org/ebooks/32089
942 _cEB
999 _c261344
_d261344